000 00562nam a2200229Ia 4500
003 OSt
005 20221005131510.0
006 a|||||r|||| 00| 0
007 ta
008 221004b |||||||| |||| 00| 0 eng d
024 _a52476
037 _cTextual
040 _aCRL
_cCRL
_beng
041 _2eng
_aeng
082 _aQ6:6v541:L0, E6
100 _aGorham Charles T.
245 0 _aSpanish inquisition
260 _c1916
650 _aRELIGION
942 _hQ6:6v541:L0, E6
_cTEXL
_2cc
999 _c1060524
_d1060524